[Event "5th Nebesna Sotnya Blitz 2018"]
[Site "Lutsk"]
[Date "2018.02.16"]
[Round "4"]
[White "Khaetsky, Roman"]
[Black "Reshetkov, Kirill"]
[Result "1-0"]
[WhiteElo "2381"]
[BlackElo "2256"]
[Annotator "TA"]
[PlyCount "59"]
[EventDate "2018.??.??"]
[EventType "swiss"]
[EventCountry "UKR"]
[SourceTitle "playchess.com"]
[Source "ChessBase"]
[SourceQuality "1"]

{[%evp 19,59,0,3,-28,14,14,28,-18,26,24,26,28,25,-10,50,48,38,45,39,19,82,67,210,176,373,338,597,593,703,698,974,935,1325,1298,29991,1346,29995,29994,29994,29995,29995,29993]} 1. e4 g6 2. d4 Bg7 3. Nc3 c6 4. f4 d5 5. e5 h5 6. Nf3 Nh6 7. Be3 Bg4 8. Be2 Nf5 9. Bf2 e6 10. O-O {B15: Caro-Kann (Flohr-Variante)} Nd7 {LiveBook: 5 Partien} 11. a3 $146 ({Vorgänger:} 11. h3 Bxf3 12. Bxf3 h4 13. Ne2 Nb6 14. b3 Nc8 15. c4 Nce7 16. Qe1 Qb6 17. Qc3 {1-0 (74) Das,A (2434)-Himanshu,S (2510) Patna 2017}) 11... a5 12. Qd2 {Die Stellung ist ausgeglichen.} a4 13. Na2 Qe7 14. h3 Bxf3 15. Bxf3 Nb6 16. Be2 Nd7 (16... Bh6 $11) 17. Nb4 $14 h4 18. Rfd1 Bh6 19. Bg4 Nf8 (19... c5 $11 20. Nd3 c4) 20. Rac1 g5 (20... Nd7 $14) 21. c4 $18 {cxd5 ist eine echte Drohung.} dxc4 $2 (21... gxf4 22. Bxf5 exf5) 22. d5 c5 $2 (22... gxf4 23. d6 (23. dxc6 f3 $16) 23... Qd8) 23. d6 Qd7 24. Rxc4 b6 25. Bxf5 cxb4 26. Rc7 Qb5 27. d7+ (27. Re7+ $142 Kd8 {[#]} 28. d7 $1 {[%mdl 512]} Nh7 29. Qd6 Qc5 30. Bxc5 bxc5 31. Rxf7 Rc8 32. dxc8=N+ Kxc8 33. Bxe6#) 27... Kd8 {[#]} 28. Rc8+ $1 {[%mdl 512] Weiß setzt Matt.} Rxc8 29. dxc8=Q+ Kxc8 30. Rc1+ {Precision: Weiß = 54%, Schwarz =  4%.} 1-0

[Event "5th Nebesna Sotnya Blitz 2018"]
[Site "Lutsk"]
[Date "2018.02.16"]
[Round "4"]
[White "Roshka, Yevgeniy"]
[Black "Razin, Vadim"]
[Result "0-1"]
[WhiteElo "2358"]
[BlackElo "2379"]
[Annotator "TA"]
[PlyCount "108"]
[EventDate "2018.??.??"]
[EventType "swiss"]
[EventCountry "UKR"]
[SourceTitle "playchess.com"]
[Source "ChessBase"]
[SourceQuality "1"]

{[%evp 16,108,-13,-9,-10,-19,-7,-26,0,-27,-29,-28,0,-21,0,-64,-75,-78,-69,-114,-106,-107,-93,-111,-114,-112,-85,-118,-103,-113,-97,-132,-115,-120,-71,-112,-16,-19,-18,-43,-46,-46,-46,-42,-45,-51,-47,-45,-41,-35,-10,-41,-38,-78,-62,-70,-68,-111,-108,-102,0,0,0,-41,0,-138,-134,-281,-277,-610,-599,-599,-584,-658,-439,-724,-710,-29960,-29961,-5991,-9264,-7138,-6640,-6648,-6648,-5743,-5814,-2210,-1912,-29985,-29986,-29987,-29985,-29986,-29987]} 1. e4 e6 2. d3 d5 3. Nd2 Nc6 4. Ngf3 Nf6 5. Be2 e5 6. O-O Bc5 7. c3 a5 8. Qc2 {C00: Französische Verteidigung (Seltene Züge)} (8. Nxe5 Nxe5 9. d4 O-O 10. exd5 Bxd4 11. cxd4 Ng6 12. d6 Qxd6 13. Nc4 Qd5 14. b3 Be6 15. Bf3 Qb5 {1-0 (41) Amin,B (2661)-Matamoros Franco,C (2488) Baku 2016}) 8... O-O 9. a4 {LiveBook: 3 Partien} Re8 10. exd5 $146 {Die Stellung ist ausgeglichen.} ({Vorgänger:} 10. Nb3 Be7 11. h3 Qd7 12. Bg5 b6 13. Nh4 h6 14. Bxf6 Bxf6 15. Bg4 Qd8 16. Bxc8 Rxc8 17. Nf5 Ne7 18. Nxe7+ Rxe7 19. c4 c6 20. Nd2 {1-0 (20) Dyakov,A (2250)-Marechal,A (2371) IECG email 2001}) 10... Nxd5 11. Re1 f6 12. Bf1 (12. Nb3 $5 {[%cal Rb3c5]} Bb6 13. d4 $11) 12... Be6 13. Nb3 Ba7 14. Bd2 Qd7 15. Rad1 (15. d4 $11) 15... Qf7 $15 {[#] ...Sdb4 ist eine echte Drohung.} 16. Nc1 Rad8 $36 {[%mdl 2048] Schwarz hat Initiative.} 17. Qb1 Bg4 18. Be2 Bf5 19. Nh4 Be6 20. Nf3 h6 21. Bf1 Bg4 22. Be2 Bf5 23. Nh4 Bh7 24. Qc2 e4 25. dxe4 Rxe4 ({Günstiger ist} 25... Bxe4 $17 26. Qb3 Bb6) 26. Bd3 $11 Rxe1+ 27. Rxe1 Bxd3 28. Nxd3 Qh5 29. Nf3 Qf5 {[#] Droht ...Se5! und aus.} 30. Nb4 Qxc2 31. Nxc2 Nb6 32. b3 Nd5 33. c4 Ndb4 34. Bxb4 axb4 35. Kf1 $1 Rd3 36. Rb1 Rc3 37. Nce1 Nd4 ({Besser ist} 37... g5 $17) 38. Nxd4 Bxd4 {[%mdl 4096] Endspiel KTL-KTS} 39. Ke2 c5 40. Nd3 (40. Nf3 $11 {hält das Gleichgewicht.}) 40... Rc2+ $17 41. Kf3 (41. Kd1 $17 Ra2 42. Ke1) 41... Rd2 $19 42. Ke4 $2 (42. Nf4 Rxf2+ 43. Kg3) 42... f5+ 43. Kxf5 Rxd3 {KTL-KT} 44. f4 Rd2 45. g4 (45. Ke6 $142) 45... Kf7 46. a5 Re2 {[%csl Gf7][%cal Rg7g6]} 47. g5 g6+ 48. Kg4 h5+ 49. Kg3 Re3+ 50. Kg2 Ke6 51. Rf1 Kf5 52. Rf2 Rxb3 {Schwarz setzt Matt.} 53. Re2 Re3 54. Ra2 b3 {Precision: Weiß = 39%, Schwarz = 61%.} 0-1

[Event "5th Nebesna Sotnya Blitz 2018"]
[Site "Lutsk"]
[Date "2018.02.16"]
[Round "4"]
[White "Bordovsky, Vladimir"]
[Black "Ianov, Viktor"]
[Result "1-0"]
[WhiteElo "2326"]
[BlackElo "2292"]
[Annotator "TA"]
[PlyCount "41"]
[EventDate "2018.??.??"]
[EventType "swiss"]
[EventCountry "UKR"]
[SourceTitle "playchess.com"]
[Source "ChessBase"]
[SourceQuality "1"]

{[%evp 11,41,0,-8,-18,16,11,22,11,42,0,68,26,143,133,159,162,179,85,221,0,0,0,0,-29,273,262,640,633,29997,480,29998,29999]} 1. e4 d6 2. d4 Nf6 3. Nc3 c6 4. Bg5 Qb6 5. Qd2 (5. Rb1 Nbd7 6. Nf3 h6 7. Bf4 Qa5 8. b4 Qc7 9. e5 Nh5 10. Be3 dxe5 11. Nxe5 Nxe5 12. Qxh5 Ng4 {½-½ (41) Beliavsky,A (2665)-Beim,V (2555) Frankfurt 1997}) 5... Qxb2 6. Rb1 {B07: Pirc-Ufimzew-Verteidigung} Qa3 {LiveBook: 6 Partien} 7. e5 dxe5 8. dxe5 {Die Stellung ist ausgeglichen.} Nfd7 9. e6 fxe6 10. Nf3 Nf6 $146 (10... g6 $11) ({Vorgänger:} 10... g6 11. Bc4 Bg7 12. Ne4 Nb6 {0-1 (57) Slonimskij,A (2260)-Krasenkow,M (2495) Katowice 1992}) 11. Bd3 {[%mdl 1024] Weiss hat Kompensation.} Nbd7 (11... g6 $11) 12. O-O $16 Nc5 13. Rfe1 g6 14. Ne5 (14. Rbd1 $1 $18 {ist der präzise Gewinnweg.}) 14... Qa5 {[#]} (14... Nxd3 $16 {ist wohl besser.} 15. cxd3 (15. Qxd3 Bg7 $11) 15... Bg7) 15. Nxg6 $2 (15. Rbd1 $1 $18) 15... Nxd3 $11 16. Qxd3 {zielt auf Lxf6 ab.} (16. Nxh8 $2 {geht unter.} Nxe1 17. Bxf6 {[#]} Nf3+ $1 {[%mdl 512]} 18. gxf3 exf6 $19) 16... Qxg5 17. Nxh8 {Schwarz muss nun Ted1 beachten.} Bg7 $2 {[%mdl 8192]} (17... Qg8 $11 {und Schwarz muss sich keine Sorgen machen.}) 18. Rbd1 $18 {[%csl Gd1][%cal Rd3d8]} Bd7 $2 (18... Qa5 19. Ng6 Ng4) 19. Ne4 Nxe4 20. Qxd7+ Kf8 {[#]} 21. Qd8+ $1 {[%mdl 512] Precision: Weiß = 78%, Schwarz = 27%.} 1-0

[Event "5th Nebesna Sotnya Blitz 2018"]
[Site "Lutsk"]
[Date "2018.02.16"]
[Round "4"]
[White "Mosesov, Danylo"]
[Black "Yarmysty, Mikhail"]
[Result "0-1"]
[WhiteElo "2271"]
[BlackElo "2300"]
[Annotator "NA RC"]
[PlyCount "89"]
[EventDate "2018.??.??"]
[EventType "swiss"]
[EventCountry "UKR"]
[SourceTitle "playchess.com"]
[Source "ChessBase"]
[SourceQuality "1"]
[TimeControl "180+2"]

1. d4 {[%emt 0:00:00]} d6 {[%emt 0:00:01]} 2. e4 {[%emt 0:00:04]} Nf6 3. Nc3 c6 {[%emt 0:00:06]} 4. Bg5 {[%emt 0:00:06]} Nbd7 {[%emt 0:00:11]} 5. Qd2 {[%emt 0:00:09]} e5 {[%emt 0:00:03]} 6. Nf3 {[%emt 0:00:15]} Be7 {[%emt 0:00:03]} 7. h3 {[%emt 0:00:10]} b5 {[%emt 0:00:07]} 8. a3 {[%emt 0:00:31]} O-O {[%emt 0:00:02]} 9. Bd3 {[%emt 0:00:06]} Bb7 {[%emt 0:00:05]} 10. O-O {[%emt 0:00:09]} a6 {[%emt 0:00:02]} 11. Rfe1 {[%emt 0:00:01]} h6 {[%emt 0:00:13]} 12. Be3 {[%emt 0:00:09]} Re8 {[%emt 0:00:06]} 13. Rad1 {[%emt 0:00:03]} Bf8 {[%emt 0:00:02]} 14. dxe5 {[%emt 0:00:26]} dxe5 {[%emt 0:00:03]} 15. Ne2 {[%emt 0:00:03]} c5 {[%emt 0:00:11]} 16. Ng3 {[%emt 0:00:01]} c4 {[%emt 0:00:04]} 17. Bf1 {[%emt 0:00:01]} Nc5 {[%emt 0:00:18]} 18. Qxd8 {[%emt 0:00:28]} Raxd8 {[%emt 0:00:01]} 19. Rxd8 {[%emt 0:00:01]} Rxd8 {[%emt 0:00:01]} 20. Nxe5 {[%emt 0:00:01]} Nfxe4 {[%emt 0:00:05]} 21. Nxe4 {[%emt 0:00:03]} Nxe4 {[%emt 0:00:03]} 22. f3 {[%emt 0:00:07]} Ng3 {[%emt 0:00:23]} 23. Kf2 {[%emt 0:00:18]} Nf5 {[%emt 0:00:06]} 24. Bb6 {[%emt 0:00:19]} Rd6 {[%emt 0:00:01]} 25. Ba7 {[%emt 0:00:01]} Rd2+ {[%emt 0:00:22]} 26. Re2 {[%emt 0:00:01]} Rd1 {[%emt 0:00:01]} 27. g4 {[%emt 0:00:06]} Nd4 {[%emt 0:00:04]} 28. Bxd4 {[%emt 0:00:02]} Rxd4 {[%emt 0:00:01]} 29. Kg3 {[%emt 0:00:02]} g5 {[%emt 0:00:04]} 30. c3 {[%emt 0:00:05]} Rd1 {[%emt 0:00:04]} 31. Bg2 {[%emt 0:00:06]} Bd6 {[%emt 0:00:04]} 32. Kf2 {[%emt 0:00:00]} Bc5+ {[%emt 0:00:13]} 33. Kg3 {[%emt 0:00:01]} Kg7 {[%emt 0:00:01]} 34. f4 {[%emt 0:00:07]} Bxg2 {[%emt 0:00:04]} 35. Rxg2 {[%emt 0:00:03]} gxf4+ {[%emt 0:00:02]} 36. Kxf4 Bd6 37. Re2 {[%emt 0:00:02]} f6 {[%emt 0:00:03]} 38. Kf5 {[%emt 0:00:02]} Bxe5 {[%emt 0:00:02]} 39. h4 {[%emt 0:00:02]} Rf1+ {[%emt 0:00:02]} 40. Ke6 {[%emt 0:00:00]} Rg1 {[%emt 0:00:04]} 41. Rd2 {[%emt 0:00:03]} Rxg4 42. h5 Rg5 {[%emt 0:00:17]} 43. Rd7+ {[%emt 0:00:01]} Kh8 {[%emt 0:00:04]} 44. Ra7 {[%emt 0:00:07]} Rxh5 {[%emt 0:00:02]} 45. Ra8+ 0-1

[Event "5th Nebesna Sotnya Blitz 2018"]
[Site "Lutsk"]
[Date "2018.02.16"]
[Round "5"]
[White "Bogdanovich, Stanislav"]
[Black "Mischuk, Dmitry"]
[Result "1-0"]
[WhiteElo "2560"]
[BlackElo "2383"]
[Annotator "TA"]
[PlyCount "138"]
[EventDate "2018.??.??"]
[EventType "swiss"]
[EventCountry "UKR"]
[SourceTitle "playchess.com"]
[Source "ChessBase"]
[SourceQuality "1"]

{[%evp 19,138,0,0,-5,44,35,36,13,12,8,140,0,6,8,39,17,25,10,27,8,60,35,43,31,45,15,27,14,22,0,24,19,19,10,39,0,25,0,0,-11,19,0,0,-258,0,-726,-197,-145,0,-256,0,0,0,-6,0,0,68,-25,64,0,13,-3,0,-10,-12,-17,35,0,0,0,14,0,0,0,0,-13,0,-7,0,0,0,0,0,0,0,0,0,0,0,0,0,0,0,0,0,0,0,-16,0,0,0,0,0,0,0,0,0,0,0,0,-36,-36,-36,-594,0,0,0,0,0,0,12850]} 1. d4 d5 2. c4 c6 3. Nf3 Nf6 4. e3 e6 5. Bd3 dxc4 6. Bxc4 c5 7. O-O Nc6 8. Nc3 cxd4 9. exd4 Be7 10. Bg5 O-O {LiveBook: 215 Games} 11. Qe2 {E57: Nimzo-Indian: Rubinstein: Main Line: 7...Nc6 8 a3 dxc4 9 Bxc4 cxd4} (11. a3 b6 12. Qd3 Bb7 13. Rad1 h6 14. Bh4 Nh5 15. Bg3 Nxg3 16. hxg3 Bf6 17. d5 exd5 18. Bxd5 Na5 19. Qe4 Qc8 20. Ne5 Bxe5 21. Qxe5 {½-½ (45) Timofeev,A (2539)-Aleksandrov,A (2606) St Petersburg 2015}) 11... Nb4 12. Rad1 Nfd5 $146 ({Predecessor:} 12... Nbd5 13. Ne5 Re8 14. Qf3 Rf8 15. Bxf6 Nxf6 16. d5 Qb6 17. Rfe1 Bb4 18. Nxf7 Bxc3 19. dxe6 Bxe1 20. e7 Be6 {0-1 (19) Belkhodja,S (2487)-Valuet,B (2275) France 2007}) 13. Bxe7 {White is slightly better.} Nxe7 14. Ne5 Bd7 (14... Nbd5 $11 {remains equal.}) 15. a3 (15. d5 $16 exd5 16. Bxd5 Nbxd5 17. Nxd5) 15... Nbd5 $11 16. Nxd5 exd5 17. Bd3 Bf5 18. Rfe1 Bxd3 19. Qxd3 Nc6 (19... f6 $11 20. Ng4 Qd7) 20. Nxc6 (20. Qb5 {with more complications.} Rb8 21. Qc5 a5 22. g3 g6 23. Re2) 20... bxc6 21. Rc1 Qb6 22. Re2 a5 23. Rec2 g6 24. Qd2 Rfc8 25. Rc5 a4 26. R1c2 Rab8 27. Qc1 Qb3 28. R5c3 ({Reject} 28. Rxc6 Rxc6 29. Rxc6 Qxb2 $15) 28... Qb6 29. Qf4 Rb7 30. g3 Re7 31. Rc5 $2 {[%mdl 8192]} (31. Re3 $11 {and White stays safe.} Rce8 32. Rxe7 Rxe7 33. Qd2) 31... Re4 $2 (31... Re1+ $19 32. Kg2 Qa6) 32. Qd6 $2 {[%mdl 8192]} (32. Qd2 $11) 32... Re6 $2 (32... Re1+ 33. Kg2 Qa6) 33. Qf4 $19 Re4 (33... Re1+ $17 34. Kg2 Qa6) 34. Qf6 $2 {[%mdl 8192]} (34. Qd6 $11 {and White is okay.}) 34... Re6 $2 (34... Re1+ $19 35. Kg2 Qa6 36. Rxc6 Qf1+ 37. Kf3 Qd3+ 38. Kg2 Qxc2 39. Rxc2 Rxc2) 35. Qf3 Rce8 36. Kg2 h5 37. Qc3 Rb8 (37... Kg7 $11) 38. Qd3 (38. Qa5 $14) 38... Qb3 (38... h4 $11) 39. R5c3 (39. Qxb3 $14 axb3 40. Rd2) 39... Qb5 40. Qd1 Rbe8 41. Qd3 Qxd3 42. Rxd3 $11 {[%mdl 4096] Endgame KRR-KRR} Re2 (42... Rb8 $11) 43. Rdc3 Rxc2 44. Rxc2 {KR-KR} Rb8 45. Kf3 Kg7 46. Kf4 f6 47. Ke3 Rb3+ 48. Kd2 Kf7 49. Kc1 Rb6 50. Rc5 Ra6 51. Kc2 Ke6 52. Rc3 Kd6 53. Rf3 f5 54. Re3 c5 55. Re8 cxd4 56. Rg8 Ke5 57. Kd3 Rb6 {White must now prevent ...Rb3+.} 58. Re8+ Kf6 59. Re2 {[#]} f4 $1 {[%mdl 512]} 60. Kxd4 (60. gxf4 Rb5) 60... Rb5 61. Rc2 Kf5 62. f3 fxg3 63. hxg3 g5 {Hoping for ...Rb3.} 64. Rh2 Rb3 65. Rxh5 {Threatens to win with f4.} Rxf3 {...Kg4 is the strong threat.} 66. Rh8 $2 {[%mdl 8192] [#]} (66. Kxd5 $15 Rxg3 67. Rh7) 66... Rxg3 $2 ({Black should try} 66... Kg4 $1 $19 {[%cal Rg4g3]} 67. Ra8 Kxg3 68. Kxd5 Rf4) 67. Rf8+ {The position is equal.} Kg4 {And now ...Rf3 would win.} 68. Ra8 Rb3 69. Rxa4 Rxb2 $2 {[%mdl 8192] Precision: White = 36%, Black = 33%.} (69... Kf3 $11) 1-0

[Event "5th Nebesna Sotnya Blitz 2018"]
[Site "Lutsk"]
[Date "2018.02.16"]
[Round "5"]
[White "Matviishen, Viktor"]
[Black "Mikhaletz, Lubomir"]
[Result "1-0"]
[WhiteElo "2439"]
[BlackElo "2416"]
[Annotator "TA"]
[PlyCount "29"]
[EventDate "2018.??.??"]
[EventType "swiss"]
[EventCountry "UKR"]
[SourceTitle "playchess.com"]
[Source "ChessBase"]
[SourceQuality "1"]

{[%evp 3,3,27]} 1. d4 d6 2. c4 {Predecessor:} e5 $146 3. Nf3 e4 4. Nfd2 f5 5. Nc3 Nf6 6. e3 g6 7. b4 Bg7 8. Bb2 O-O 9. Be2 c6 10. h4 h5 11. g3 d5 12. a4 Be6 13. c5 Nbd7 14. b5 Ng4 15. Qb3 {0-1 (39) Fedoseev,V (2718)-Mamedov,R (2709) Riadh 2017} 1-0

[Event "5th Nebesna Sotnya Blitz 2018"]
[Site "Lutsk"]
[Date "2018.02.16"]
[Round "5"]
[White "Budnikov, Oleg"]
[Black "Grekh, Andrey"]
[Result "1-0"]
[WhiteElo "2422"]
[BlackElo "2400"]
[Annotator "TA"]
[PlyCount "71"]
[EventDate "2018.??.??"]
[EventType "swiss"]
[EventCountry "UKR"]
[SourceTitle "playchess.com"]
[Source "ChessBase"]
[SourceQuality "1"]

{[%evp 22,71,86,91,122,117,122,104,156,126,141,108,161,142,163,56,150,156,187,116,348,341,446,473,485,443,479,464,440,383,358,360,464,333,491,458,583,578,772,486,1469,1444,1795,1511,1645,1587,1575,1542,2392,1937,5197,4276]} 1. Nf3 Nf6 2. c4 e6 3. d4 c5 4. e3 cxd4 5. exd4 d5 6. Nc3 Be7 7. cxd5 Nxd5 8. Bd3 O-O 9. O-O Nc6 10. Re1 Bf6 11. Be4 Nxc3 12. bxc3 {LiveBook: 8 Partien} Qd6 {D42: Damengambit (Verbesserte Tarrasch-Verteidigung)} 13. h4 $146 ({Vorgänger:} 13. Bg5 Bxg5 14. Nxg5 h6 15. Qd3 hxg5 16. Bh7+ Kh8 17. Qh3 e5 18. dxe5 Bxh3 19. exd6 {0-1 (19) Dibenedetto,G (2282)-Giardelli,S (2418) Buenos Aires 2006}) 13... e5 {[%cal Re5d4]} 14. a4 {Und La3 würde nun gewinnen.} Rd8 (14... Qd8 $142) 15. d5 $16 Na5 16. Qd3 g6 {[#]} (16... h6 $16) 17. c4 $1 $18 Qc5 {[#]} 18. Nd2 (18. Bg5 $1 $18 {[%cal Rg5f6]} Bxg5 19. hxg5) 18... Bg7 (18... Bxh4 $14 19. g3 Bf6) 19. Ba3 $16 Qc7 20. c5 (20. Qc3 $18) 20... Bd7 $2 (20... Be6 $16 {war einen Versuch wert.}) 21. Bb4 $18 b6 22. d6 Qc8 23. Bxa5 bxa5 24. Bxa8 Qxa8 25. Rad1 Bxa4 26. Rc1 Qc6 27. Nf3 Bb5 (27... Re8 $142 28. Qc4 a6) 28. Qd2 {Weiß steht klar auf Gewinn.} e4 29. Nd4 Qd5 30. Red1 Ba4 (30... Be8 $142 31. c6 (31. Qxa5 Rxd6 32. Qe1 Rd7 $18) 31... Qxd6) 31. Qxa5 Bxd4 32. Qxa4 Bxf2+ 33. Kxf2 e3+ 34. Kg1 Qf5 35. Rf1 Qd3 36. Qc4 {Precision: Weiß = 62%, Schwarz = 13%.} 1-0

[Event "5th Nebesna Sotnya Blitz 2018"]
[Site "Lutsk"]
[Date "2018.02.16"]
[Round "5"]
[White "Nedilko, Vasily"]
[Black "Bortnyk, Mykola"]
[Result "0-1"]
[WhiteElo "2383"]
[BlackElo "2432"]
[Annotator "TA"]
[PlyCount "62"]
[EventDate "2018.??.??"]
[EventType "swiss"]
[EventCountry "UKR"]
[SourceTitle "playchess.com"]
[Source "ChessBase"]
[SourceQuality "1"]

{[%evp 27,62,86,110,94,166,159,190,189,197,92,101,71,85,66,49,57,66,70,87,64,90,83,253,209,240,235,248,174,171,63,48,0,54,52,49,65,343]} 1. d4 Nf6 2. c4 d6 3. Nf3 Nbd7 4. Nc3 e5 5. g3 g6 6. Bg2 Bg7 7. O-O O-O 8. e4 exd4 9. Nxd4 Re8 10. h3 a6 11. Be3 Rb8 12. b3 c5 13. Nde2 {E68: King's Indian: Fianchetto: 6...Nbd7 7 0-0 e5 8 e4} Ne5 (13... b5 14. Qxd6 b4 15. Na4 Nxe4 16. Bxe4 Rxe4 17. Rad1 Qe8 18. Nxc5 Rxe3 19. Nxd7 Rxe2 20. Nxb8 Bxh3 {½-½ (35) Grischuk,A (2779)-Mamedyarov,S (2753) Khanty-Mansiysk 2013}) 14. a4 Nc6 {LiveBook: 3 Games} 15. Ra2 {White is better.} Qc7 (15... Re7 $16 {was worth a try.}) 16. Rd2 $18 Be6 $146 ({Predecessor:} 16... Rd8 17. Bg5 Nb4 18. e5 Bxh3 19. Bxf6 Bxf6 20. exf6 Bxg2 21. Kxg2 {1-0 (36) Malyuga,V (2273)-Pasquotto,M (1903) St Gallen 2008}) 17. Rxd6 Nd4 18. Rxd4 ({Weaker is} 18. Nxd4 Qxd6 19. Nxe6 Qxe6 $14) (18. e5 $18 {has better winning chances.} Nxe2+ 19. Nxe2 (19. Qxe2 Nh5 $16)) 18... cxd4 $16 19. Bxd4 Rbd8 20. Nd5 Bxd5 21. exd5 b5 22. axb5 axb5 23. Qd3 Qe7 24. Nc3 {[%cal Be2c3,Bc3b5,Bb5d6][%mdl 32] [#] Hoping for c5.} b4 $2 (24... bxc4 $16 25. bxc4 Nd7) 25. Nb5 Qe2 26. Qxe2 Rxe2 27. Bb6 Rc8 28. c5 ({Better is} 28. Na7 $18 Rce8 29. d6) 28... Nd7 $14 29. Nd6 Ra8 (29... Rxc5 $11 30. Bxc5 Nxc5) 30. Nc4 $1 {[#] c6 is the strong threat.} Bd4 $1 {And now ...Raa2 would win.} 31. d6 $1 (31. Bf3 $2 Rxf2 32. Rxf2 Ra2 $19) 31... Raa2 $2 {[%mdl 40960] Precision: White = 41%, Black = 51%. . Loss on Time!?} ({Black should try} 31... Rc8 $14) 0-1

[Event "5th Nebesna Sotnya Blitz 2018"]
[Site "Lutsk"]
[Date "2018.02.16"]
[Round "5"]
[White "Yarmysty, Mikhail"]
[Black "Bordovsky, Vladimir"]
[Result "0-1"]
[WhiteElo "2300"]
[BlackElo "2326"]
[Annotator "TA"]
[PlyCount "112"]
[EventDate "2018.??.??"]
[EventType "swiss"]
[EventCountry "UKR"]
[SourceTitle "playchess.com"]
[Source "ChessBase"]
[SourceQuality "1"]

{[%evp 17,112,52,56,16,75,60,62,62,88,77,80,55,101,50,96,87,107,96,83,64,64,61,103,90,92,90,217,128,213,216,193,193,420,425,574,560,521,534,520,231,229,243,481,476,469,467,481,0,118,0,462,474,474,444,465,465,554,525,499,485,566,566,645,585,670,564,652,559,544,544,4841,784,6207,7667,12799,6452,1672,0,12799,12799,12747,10955,6611,6532,6123,0,4698,0,0,8,8,8,-12793,-29988,-29989,-29989,-29990]} 1. e4 d6 2. d4 Nf6 3. Nc3 Nbd7 4. Nf3 e5 5. Bc4 Be7 6. O-O O-O 7. Re1 c6 8. a4 b6 9. h3 a6 10. d5 {C41: Philidor Defence} (10. Ba2 Rb8 11. Be3 b5 12. axb5 axb5 13. b4 Qc7 14. Bb3 Nb6 15. Qd3 Bd7 16. dxe5 dxe5 17. Bc5 Be8 18. Red1 Rd8 {1-0 (34) Balogh,C (2662)-Delchev,A (2629) Porto Carras 2011}) 10... c5 (10... cxd5 $11 11. Bxd5 (11. Nxd5 Bb7 $11) (11. exd5 Nc5 $11) 11... Nxd5 12. Nxd5 (12. Qxd5 Rb8 $11) 12... Bb7) 11. Qd3 Nh5 12. Be3 $146 {White is slightly better.} ({Predecessor:} 12. Ne2 Re8 13. g4 Nhf6 14. Ng3 g6 15. g5 Nh5 16. Nxh5 gxh5 17. Qe2 Nf8 {0-1 (31) Palazzotto,R (1914)-Franciosi,F (2066) Montecatini Terme 2011}) 12... g6 13. Bh6 Ng7 14. Rab1 Nf6 15. b4 (15. Rbd1 $16) 15... Kh8 16. bxc5 bxc5 17. Rb3 Ng8 18. Bxg7+ Kxg7 19. Reb1 f5 20. Rb6 fxe4 21. Nxe4 Rf4 (21... Ra7 $16) 22. Nfd2 (22. Nxe5 $1 $18 {aiming for Nc6.} dxe5 23. d6) 22... Nf6 (22... a5 $16 23. Qe3 Nf6) 23. g3 $18 Rf5 24. Bxa6 Bxa6 $2 (24... Nxe4 25. Nxe4 Rf7) 25. Rxa6 Rxa6 26. Qxa6 Nxd5 27. Rb7 Rf7 {Black hopes to continue with ...Nb4.} 28. Nc4 (28. Qc4 Nc7 $14) (28. Qa7 $142) 28... Nb4 29. Qb5 d5 $2 (29... Nxc2 {keeps fighting.} 30. Rd7 Nd4) 30. Nxe5 dxe4 31. Nxf7 Qd1+ 32. Kh2 $2 (32. Qf1 $1 $18 {[%cal Rf1d1]} Qxf1+ 33. Kxf1 Kxf7 34. a5) 32... Qf3 {[#]} (32... Qxc2 $11 {remains equal.} 33. Qe8 (33. Rxe7 Qxf2+ 34. Kh1 Qf3+ 35. Kg1 Qxg3+ 36. Kh1 Qxh3+ 37. Kg1 Qg3+ 38. Kf1 Qf3+ 39. Kg1 Qg3+ 40. Kf1 Qf3+ 41. Kg1 Qg3+ $11) 33... Qxf2+ 34. Kh1 Qe1+ 35. Kh2 Qf2+ 36. Kh1 Qe1+ 37. Kh2 Qf2+) 33. Kg1 ({But not} 33. Rxe7 $6 Qxf2+ 34. Kh1 Qf3+ 35. Kg1 Qxg3+ 36. Kh1 Qxh3+ 37. Kg1 Qg3+ 38. Kf1 Qf3+ 39. Kg1 Qg3+ 40. Kf1 Qf4+ 41. Kg2 Qf3+ 42. Kg1 Qg4+ 43. Kf1 Qd1+ 44. Kf2 Qf3+ 45. Kg1 $11) ({White has to play} 33. Qxc5 $1 $16 {Intending Ng5 and mate.} Bxc5 34. Ng5+ Kf6 35. Nxf3 exf3 36. Rb5) 33... Qd1+ $2 {[%mdl 8192] [#]} (33... e3 $11 {and Black is okay.} 34. Rxe7 Qxf2+ 35. Kh1 Qe1+ 36. Kh2 Qf2+ 37. Kh1 Qf3+ 38. Kh2 Qf2+ 39. Kh1) 34. Qf1 $1 {[%cal Rf1d1]} ({Inferior is} 34. Kh2 Qxc2 35. Kg2 (35. Rxe7 Qxf2+ 36. Kh1 Qf3+ 37. Kh2 Qf2+ 38. Kh1 Qf3+ 39. Kh2 Qf2+ $11) 35... Nd3 $11) 34... Qxf1+ 35. Kxf1 Kxf7 36. a5 Ke6 {[#]} 37. a6 $1 {[%mdl 512]} Nxa6 38. Rb6+ Kd5 39. Rxa6 {[%mdl 4096] Endgame KR-KB} Bd6 40. Ke2 Be5 41. Ra4 Bd4 42. f3 exf3+ 43. Kxf3 h5 44. h4 (44. Ra6 $142 g5 45. Rg6) 44... Be5 45. Ra6 Kc4 46. Kf2 Bd4+ 47. Kf3 $2 (47. Ke2 $18 Kc3 48. Kd1) 47... Kc3 $2 {[%mdl 8192]} (47... Be5 $11 48. Rxg6 Kc3) 48. Rxg6 Kxc2 49. Rg5 c4 50. Rxh5 c3 51. Rh7 $2 (51. Ke2 $18 Kb3 52. Rb5+ Kc4 53. Rb8) 51... Be5 $2 {[%mdl 8192]} (51... Kd3 $11 52. Re7 c2) 52. Rh6 $2 ({White must play} 52. g4 $18 Kc1 53. Rh5) 52... Kd3 53. Rc6 {g4 is the strong threat.} c2 54. h5 {With the idea h6.} Bc3 $2 {[%mdl 8192]} (54... Bb2 $11 55. Rxc2 Kxc2) 55. Rxc3+ Kxc3 56. h6 c1=Q {Precision: White = 41%, Black = 26%.} 0-1